Panduan mudah menjaga kereta
| Main Author: | |
|---|---|
| Format: | Book |
| Published: |
Kuala Lumpur :
Dewan Bahasa dan Pustaka ,
2015
|
| Subjects: |
MARC
| LEADER | 00000cam a2200000 7i4500 | ||
|---|---|---|---|
| 001 | 0000200521 | ||
| 005 | 20170407.0 | ||
| 020 | |a 9789834616694 | ||
| 090 | 0 | 0 | |a 629.2872 |b AHM |
| 100 | 1 | |a AHmad Hisham Rusti | |
| 245 | 1 | 0 | |a Panduan mudah menjaga kereta |c Ahmad Hisham Rusti |
| 260 | |a Kuala Lumpur : |b Dewan Bahasa dan Pustaka , |c 2015 | ||
| 300 | |a 134p. ; |c 23cm. | ||
| 650 | 0 | 0 | |a Automobiles |x Maintenance and repair |
| 999 | |a 00338870 |b BUKU |c PINJAMAN |e PERPUSTAKAAN KOMUNITI PETALING JAYA | ||